Généraux ayant marqué l'Histoire - Statistiques

Statistiques générales
  • Ce quiz a été pris 233 fois
  • Le résultat moyen est 13 sur 20
Statistiques - réponses
Période Indice Réponse % Correct
~ - 50 Dictateur romain ayant conquis la Gaule Jules César
97%
~ 1805 Général français devenu empereur et ayant conquis une large partie de l'Europe Napoléon I
96%
~ - 325 Macédonien ayant conquis une large partie de l'Asie Alexandre le Grand
94%
~ 445 Chef des Huns battu par Aetius aux Champs Catalauniques Attila
89%
~ 1215 Chef mongol ayant conquis une grande partie de l'Asie Gengis Khan
87%
~ - 202 Carthaginois s'étant opposé à Rome lors de la deuxième guerre punique Hannibal Barca
84%
~ 1776 Chef de l'armée continentale et 1er Président des États-Unis George Washington
83%
WWII Général ayant dirigé les troupes allemandes en Afrique du Nord. Surnommé le "Renard du désert" Erwin Rommel
72%
~ - 500 Général chinois auteur de "L'Art de la Guerre" Sun Tzu
66%
~ 1800 Vice-Amiral britannique, ennemi du suivant, et mort à Trafalgar Horatio Nelson
65%
~ 1180 Sultan du Moyen-Orient ayant repris Jérusalem aux croisés Saladin
65%
~ 1820 Vénézuélien ayant participé à l'indépendance de plusieurs pays sud-américains Simon Bolivar
64%
~1814 Tombeur du précédent à Waterloo Duc de Wellington
63%
~ - 202 Général romain ayant battu le précédent à Zama Scipion l'Africain
63%
~ 1865 Commandant de l'Union lors de la guerre civile et 18ème Président des États-Unis Ulysses S. Grant
48%
WWII Vainqueur du précédent à Al-Alamein et chef des forces terrestres lors du débarquement Bernard Montgomery
47%
WWII Maréchal soviétique ayant dirigé les siens lors de la prise de Berlin Gueorgui Joukov
46%
~ 1653 Chef militaire, tombeur de la monarchie anglaise Oliver Cromwell
43%
~ 1380 Chef turco-mongol dont les conquêtes ont décimé 5% de la population mondiale Tamerlan
35%
~ 630 Compagnon invaincu de Mahomet ayant notamment conquis le Levant Khalid Al Walid
24%
Aucun quiz correspondant
Distribution des résultats
% des personnes avec chaque résultat
Percentile par nombre de réponses
Votre historique - résultats
Vous n’avez pas pris ce quiz